000 00403 a2200121 4500
001 ART_12577
005 20260410161907.0
008 260409a
245 1 0 _aMonopolistic Industries and monopoly profits or, are Kellogg´s Cornflakes overpriced?
100 1 _aNickell, S. J.
700 1 _aMetcalf, David
773 0 _tThe Economic Journal
_g- Vol. 88, Nº 350 (jun. 1978)
_wREV12512
999 _c26472
_d26472